00132 a2200073 450000100060000010000050000624500200001126000270003112043 a aPrince Aurangze abHistorical societyc